000 00875nam a2200253 i 4500
001 20068
003 BD-RjUL
005 20211209000521.0
008 140226r19661958enkb 000 1 eng u
035 _a(BD-RjUL)20130
040 _aCNC
_dUKM
_dEQO
_dBD-RjUL
_beng
_cDLC
041 _aeng
082 0 0 _a823.8
_218
_bHAL 1966
090 _aPR4750
_b.M3 1958
100 1 _aHardy, Thomas,
_d1840-1928.
_961787
245 1 4 _aThe life and death of the Mayor of Casterbridge :
_ba story of a man of character /
_cby Thomas Hardy.
260 _aLondon ;
_bMacmillan ;
_aNew York :
_bSt. Martin's Press,
_c1958 [reprinted 1966].
300 _av, 333 p. :
_bmap ;
_c17 cm.
490 1 _aSt. Martin's library
650 1 _a England -- Social life and customs -- 19th century -- Fiction.
_960778
830 0 _aSt. Martin's library
_961795
942 _2ddc
_cBK
999 _c20068
_d20068